000 00537nam a2200181 i 4500
001 56242
003 ES-MaACL
005 20250903012520.0
007 t|
008 031006s1979 sp ||||1| spa d
100 1 _aDíaz Velázquez, Mariano.
_944452
245 1 0 _aDiccionario teórico de matemáticas /
_cMariano Díaz Velázquez.
260 _a[Madrid] :
_bAnaya,
_c[1979]
300 _a224 p. :
_bil. ;
_c22 cm.
650 0 4 _aMatemáticas-
_vDiccionarios
_914817
852 _aES-MaACL
_jC-6403
_bR.100010
999 _c56242
_d56242